LEADER 01218nam0-22003371i-450- 001 990000039640403321 010 $a0-08-028380-2 035 $a000003964 035 $aFED01000003964 035 $a(Aleph)000003964FED01 035 $a000003964 100 $a20011111d--------km-y0itay50------ba 101 0 $aita 105 $ay-------001yy 200 1 $aSatellite pertubations and orbital determination$eproceedings of the topical meeting of the COSPAR technical panel ondinamics of artificial satellites and space probes of the COSPAR twenty-third plenary meeting, held in Budapest, 2-14 June 1980$fedited by P. Lala. 210 $aOxford$cPergamon Press$d1981 215 $aV, 95 p.$cill.$d24 cm 225 1 $aAdvances in space research$vVol. 1. n. 6 610 0 $aCongressi$aBudapest$a1980 610 0 $aSatelliti artificiali$aCongressi 676 $a629.47 702 1$aLāla,$bPetr 710 12$aCOSPAR PLENARY MEETING, 23., Budapest, 1980$0331751 801 0$aIT$bUNINA$gRICA$2UNIMARC 901 $aBK 912 $a990000039640403321 952 $a13 G 31 06$b32439$fFINBC 959 $aFINBC 996 $aSatellite pertubations and orbital determination$9106263 997 $aUNINA DB $aING01 LEADER 01802oam 2200505 450 001 9910706531503321 005 20180611091739.0 035 $a(CKB)5470000002457134 035 $a(OCoLC)1014329736 035 $a(EXLCZ)995470000002457134 100 $a20171208d2017 ua 0 101 0 $aeng 135 $aurbn||||a|||| 181 $ctxt$2rdacontent 182 $cc$2rdamedia 183 $acr$2rdacarrier 200 10$aBurma's brutal campaign against the Rohingya $ehearing before the Subcommittee on Asia and the Pacific of the Committee on Foreign Affairs, House of Representatives, One Hundred Fifteenth Congress, first session, September 27, 2017 210 1$aWashington :$cU.S. Government Publishing Office,$d2017. 215 $a1 online resource (iii, 63 pages) $cmaps 300 $aPrint version available for sale by the Superintendent of Documents, U.S. Government Publishing Office. 300 $a"Serial No. 115-72." 320 $aIncludes bibliographical references. 517 $aBurma's brutal campaign against the Rohingya 606 $aRohingya (Burmese people) 606 $aHumanitarian assistance, American$zBurma 606 $aHuman rights$zBurma 606 $aDemocracy$zBurma 607 $aBurma$xForeign relations$zUnited States 607 $aUnited States$xForeign relations$zBurma 608 $aLegislative hearings.$2lcgft 615 0$aRohingya (Burmese people) 615 0$aHumanitarian assistance, American 615 0$aHuman rights 615 0$aDemocracy 801 0$bGPO 801 1$bGPO 801 2$bGPO 801 2$bOCLCF 801 2$bMERUC 801 2$bLWA 801 2$bGPO 906 $aBOOK 912 $a9910706531503321 996 $aBurma's brutal campaign against the Rohingya$93444899 997 $aUNINA LEADER 03721nam 22007575 450 001 9910410059803321 005 20251225182020.0 010 $a3-030-49556-6 024 7 $a10.1007/978-3-030-49556-5 035 $a(CKB)5280000000218472 035 $a(MiAaPQ)EBC6222817 035 $a(DE-He213)978-3-030-49556-5 035 $a(PPN)248595121 035 $a(EXLCZ)995280000000218472 100 $a20200608d2020 u| 0 101 0 $aeng 135 $aurcnu|||||||| 181 $ctxt$2rdacontent 182 $cc$2rdamedia 183 $acr$2rdacarrier 200 10$aBenchmarking, Measuring, and Optimizing $eSecond BenchCouncil International Symposium, Bench 2019, Denver, CO, USA, November 14?16, 2019, Revised Selected Papers /$fedited by Wanling Gao, Jianfeng Zhan, Geoffrey Fox, Xiaoyi Lu, Dan Stanzione 205 $a1st ed. 2020. 210 1$aCham :$cSpringer International Publishing :$cImprint: Springer,$d2020. 215 $a1 online resource (371 pages) 225 1 $aInformation Systems and Applications, incl. Internet/Web, and HCI,$x2946-1642 ;$v12093 311 08$a3-030-49555-8 327 $aBest Paper Session -- AI Challenges on Cambircon using AIBenc -- AI Challenges on RISC-V using AIBench -- AI Challenges on X86 using AIBench -- AI Challenges on 3D Face Recognition using AIBench -- Benchmark -- AI and Edge -- Big Data -- Datacenter -- Performance Analysis -- Scientific Computing. 330 $aThis book constitutes the refereed proceedings of the Second International Symposium on Benchmarking, Measuring, and Optimization, Bench 2019, held in Denver, CO, USA, in November 2019. The 20 full papers and 11 short papers presented were carefully reviewed and selected from 79 submissions. The papers are organized in topical sections named: Best Paper Session; AI Challenges on Cambircon using AIBenc; AI Challenges on RISC-V using AIBench; AI Challenges on X86 using AIBench; AI Challenges on 3D Face Recognition using AIBench; Benchmark; AI and Edge; Big Data; Datacenter; Performance Analysis; Scientific Computing. 410 0$aInformation Systems and Applications, incl. Internet/Web, and HCI,$x2946-1642 ;$v12093 606 $aApplication software 606 $aComputer engineering 606 $aComputer networks 606 $aSoftware engineering 606 $aComputers 606 $aArtificial intelligence 606 $aComputer and Information Systems Applications 606 $aComputer Engineering and Networks 606 $aSoftware Engineering 606 $aComputer Hardware 606 $aComputing Milieux 606 $aArtificial Intelligence 615 0$aApplication software. 615 0$aComputer engineering. 615 0$aComputer networks. 615 0$aSoftware engineering. 615 0$aComputers. 615 0$aArtificial intelligence. 615 14$aComputer and Information Systems Applications. 615 24$aComputer Engineering and Networks. 615 24$aSoftware Engineering. 615 24$aComputer Hardware. 615 24$aComputing Milieux. 615 24$aArtificial Intelligence. 676 $a005.7 702 $aGao$b Wanling$4edt$4http://id.loc.gov/vocabulary/relators/edt 702 $aZhan$b Jianfeng$4edt$4http://id.loc.gov/vocabulary/relators/edt 702 $aFox$b Geoffrey$4edt$4http://id.loc.gov/vocabulary/relators/edt 702 $aLu$b Xiaoyi$4edt$4http://id.loc.gov/vocabulary/relators/edt 702 $aStanzione$b Dan$4edt$4http://id.loc.gov/vocabulary/relators/edt 801 0$bMiAaPQ 801 1$bMiAaPQ 801 2$bMiAaPQ 906 $aBOOK 912 $a9910410059803321 996 $aBenchmarking, measuring, and optimizing$91901542 997 $aUNINA